01568 a2200193 45000010006000000050017000060080041000230030015000640400040000790800104001192450050002232500012002732640051002853000019003365050965003550410008013201000021013287000025013495406920260407155811.0260407a1966 arg spa dAR-UNSa-BCEJYS aAR-UNSa-BCEJYSbspacAR-UNSa-BCEJYS a330.1xCiencia económica. Conceptos fundamentales de teoría económica. Valor. Capital. Fondos10aAgregados económicos y política pública a2a. ed. 1aMéxico :bFondo de Cultura Económicac1966 a392 p.c21 cm. a1. Introducción al análisis del ingreso nacional – 2. El problema se complica – 3. El producto nacional bruto y medidas conexas: La economía en los Estados Unidos – 4. La demanda global y la magnitud del ingreso nacional – 5. Modelo de gasto del ingreso nacional – 6. Expansión del modelo simple: se agregó el sector gobierno – 7. Completando el modelo de gasto – 8. Determinantes de las corrientes de gasto: gasto de consumo – 9. El gasto de consumo (II). Teoría y práctica – 10. Determinaciones de las corrientes de gastos: el gasto de inversión (I) – 11. Inversión – 12. La teoría general de la demanda agregada – 13. El producto agregado y el nivel de precios (la oferta agregada) – 14. La inflación – 15. El eminente tema del progreso económico – 16. Teoría de agregados y política pública – 17. La carga de la estabilización – 18. Problemas a largo plazo del capitalismo norteamericano.  aspa1 aSiegel, Barry N.1 aPimentel, Rubén C.